[Event "Chaumont/Bogny"]
[Site "?"]
[Date "2012.02.05"]
[Round "5"]
[White "Alcidi, Valentin"]
[Black "Da Costa, Manuel"]
[Result "1/2-1/2"]
[WhiteElo "1812"]
[BlackElo "1895"]
[PlyCount "82"]
[EventDate "2012.02.06"]
[SourceDate "2012.02.06"]

1. d4 Nf6 2. Bg5 e6 3. e3 Be7 4. Nd2 d5 5. Bd3 Nbd7 6. f4 c5 7. c3 b6 8. Ngf3
Bb7 9. Ne5 c4 10. Bc2 b5 11. O-O g6 12. Bh6 Bf8 13. Bxf8 Kxf8 14. Qf3 Kg7 15.
Qh3 Ne4 16. Ndf3 h6 17. a4 a6 18. axb5 axb5 19. Rxa8 Bxa8 20. Ra1 Nxe5 21. Nxe5
Qe7 22. Qg4 h5 23. Qd1 f6 24. Nf3 Bc6 25. Ra6 Rc8 26. Qa1 Rc7 27. Qa5 Kf7 28.
Qb6 Nd6 29. Nh4 Nf5 30. Nxf5 exf5 31. Kf2 Be8 32. Qb8 Rb7 33. Qd6 Qxd6 34. Rxd6
Ra7 35. Rxd5 Ke6 36. Rd8 Bd7 37. Ke2 Ra2 38. Kd2 Bc6 39. g3 Rxb2 40. Kc1 Ra2
41. Kb1 Ra8 1/2-1/2

[Event "Chaumont/Bogny"]
[Site "?"]
[Date "2012.02.05"]
[Round "5"]
[White "Masera, Michel"]
[Black "Flamant, Jacky"]
[Result "0-1"]
[WhiteElo "1856"]
[BlackElo "1756"]
[PlyCount "62"]
[EventDate "2012.02.06"]
[SourceDate "2012.02.06"]

1. d4 Nf6 2. c4 e5 3. dxe5 Ng4 4. Bf4 Bb4+ 5. Nd2 d6 6. exd6 Qf6 7. Nh3 Nxf2 8.
Kxf2 Bxh3 9. g3 Bxf1 10. Rxf1 O-O (10... Bxd2 {ne gagne pas la piece} 11. dxc7
Nc6 12. Qxd2 g5 13. Qe3+ Ne7 (13... Kf8 14. Qc5+) (13... Kd7 14. Rad1+ Kc8 15.
Qd3 Qe6) 14. Qe5) 11. dxc7 Nc6 12. Nf3 Rfe8 13. Qc2 Bc5+ 14. Kg2 h6 15. a3 Rac8
16. Rae1 Bd6 17. Bd2 Rxc7 18. Bc3 Qe6 19. c5 Be5 20. Nxe5 Nxe5 21. Bxe5 Qxe5
22. b4 Qd5+ 23. Kg1 Rce7 24. Rf5 Qd4+ 25. Kg2 Qe3 26. Rf3 Qd4 27. Rf4 Qd5+ 28.
Kg1 Re3 29. a4 Qg5 30. Kg2 Qh5 31. Rh4 $4 Rxe2+ 0-1

[Event "Chaumont/Bogny"]
[Site "?"]
[Date "2012.02.05"]
[Round "5"]
[White "Renard, Luc"]
[Black "Parisot, Anthony"]
[Result "1/2-1/2"]
[WhiteElo "1788"]
[BlackElo "1679"]
[PlyCount "86"]
[EventDate "2012.02.06"]
[SourceDate "2012.02.06"]

1. d4 d5 2. Nf3 Nf6 3. e3 c5 4. Bd3 Nc6 5. a3 Bg4 6. c3 e6 7. Nbd2 Rc8 8. O-O
Bd6 9. dxc5 Bxc5 10. Nb3 Be7 11. Re1 O-O 12. c4 Ne5 13. cxd5 Nxd3 14. Qxd3 Bxf3
15. gxf3 Qxd5 16. Qxd5 Nxd5 17. e4 Nf6 18. Bd2 Nd7 19. Bc3 Nc5 20. Nxc5 Bxc5
21. Red1 Rfd8 22. Rxd8+ Rxd8 23. Kf1 g6 24. Ke2 Kf8 25. Rg1 f5 26. Rg5 Kf7 27.
Rg3 a6 28. Rg1 Bd4 29. Rd1 Bb6 30. Rxd8 Bxd8 31. b3 Be7 32. a4 Bc5 33. Bb2 Ke7
34. Bc1 Kd6 35. Be3 b5 36. axb5 axb5 37. e5+ Kd5 38. f4 Ba3 39. Kd3 Bb2 40. f3
h6 41. Ke2 Bd4 42. Bd2 Kc5 43. Kd3 Bg1 1/2-1/2

[Event "Chaumont/Bogny"]
[Site "?"]
[Date "2012.02.05"]
[Round "5"]
[White "Marchal, Olaf"]
[Black "Prioux, Michel"]
[Result "1-0"]
[WhiteElo "1710"]
[BlackElo "1805"]
[PlyCount "133"]
[EventDate "2012.02.06"]
[SourceDate "2012.02.06"]

1. d4 d5 2. c4 c6 3. Nf3 Nf6 4. Nc3 a6 5. cxd5 cxd5 6. Bf4 Nc6 7. e3 e6 8. Bd3
Be7 9. O-O O-O 10. h3 b5 11. a3 Bb7 12. Rc1 Re8 13. Qe2 Na5 14. Rfd1 Nc4 15.
Ne5 Bd6 16. Nf3 Rc8 17. Bxd6 Qxd6 18. Rc2 Re7 19. Rdc1 Rec7 20. Nb1 Qe7 21. b3
Nb6 22. Rxc7 Rxc7 23. Rxc7 Qxc7 24. Qc2 Ne8 25. Bxh7+ Kf8 26. Qxc7 Nxc7 27. Bd3
f6 28. Nc3 Ke7 29. Kf1 Kd6 30. Ke2 Nd7 31. g4 e5 32. Nh4 e4 33. Bc2 Ne8 34. f4
g5 35. fxg5 fxg5 36. Nf5+ Ke6 37. Kf2 Nf8 38. Ne2 Ng6 39. Kg3 a5 40. h4 gxh4+
41. Nxh4 Ne7 42. Nf4+ Kf6 43. Nh3 Bc8 44. g5+ Kg7 45. Bd1 b4 46. axb4 axb4 47.
Bg4 Ba6 48. Nf4 Nd6 49. Ne6+ Kf7 50. Nc7 Bc8 51. Bxc8 Ndxc8 52. Kf4 Nb6 53. Nf5
Ng6+ 54. Kg4 Ne7 55. Nxe7 Kxe7 56. Na6 Nc4 $4 57. Kf4 (57. bxc4 $3 b3 58. Nc7
dxc4 59. Nd5+ Kd6 60. Nc3 $18) 57... Nd2 58. Nxb4 Ke6 59. g6 Nxb3 60. g7 Kf7
61. g8=Q+ Kxg8 62. Nxd5 Nd2 63. Nf6+ Kf8 64. Nxe4 Nc4 65. Nc5 Ke7 66. e4 Nd2
67. Kf5 1-0

[Event "Chaumont/Bogny"]
[Site "?"]
[Date "2012.02.05"]
[Round "5"]
[White "Waczecka, Jerome"]
[Black "Louot, Catherine"]
[Result "0-1"]
[WhiteElo "1732"]
[BlackElo "1565"]
[PlyCount "40"]
[EventDate "2012.02.06"]
[SourceDate "2012.02.06"]

1. d4 d5 2. Nf3 Nc6 3. Bg5 Bg4 4. Nbd2 f6 5. Bh4 g5 6. Bg3 Qd7 7. e3 a6 8. c4
h5 9. h3 Bxf3 10. Nxf3 dxc4 11. Bxc4 O-O-O 12. Rc1 e5 13. dxe5 Bb4+ 14. Ke2 Qe7
15. Qc2 fxe5 16. a3 $4 (16. Bxa6 $3) 16... e4 17. axb4 exf3+ 18. gxf3 $4 Nd4+
19. Kf1 Nxc2 20. Rxc2 Rd1+ 0-1

[Event "Chaumont/Bogny"]
[Site "?"]
[Date "2012.02.05"]
[Round "5"]
[White "Lecestre, Vincent"]
[Black "Husson, Christophe"]
[Result "1/2-1/2"]
[WhiteElo "1430"]
[BlackElo "1680"]
[PlyCount "96"]
[EventDate "2012.02.06"]
[SourceDate "2012.02.06"]

1. e4 c5 2. Nc3 Nc6 3. Bc4 e6 4. d3 d6 5. f4 a6 6. a4 Nf6 7. Nf3 Be7 8. O-O O-O
9. Qe1 Nb4 10. Bb3 Bd7 11. Na2 Nc6 12. Bd2 b5 13. Nc3 b4 14. Ne2 Qb6 15. Kh1
Na5 16. f5 Nxb3 17. cxb3 exf5 18. Qh4 Qd8 19. Bg5 Re8 20. Nf4 fxe4 21. dxe4
Nxe4 22. Bxe7 Qxe7 (22... Rxe7 $3) 23. Qxe7 Rxe7 24. Nd5 Ree8 25. Nc7 Rad8 26.
Nxe8 Rxe8 27. Rae1 f5 28. Kg1 g6 29. Rd1 Re6 30. Rfe1 Kf7 31. Re3 Kf6 32. Red3
g5 33. Kf1 g4 34. Nd2 Nxd2+ 35. R1xd2 Ke7 36. Kf2 Bc6 37. g3 h5 38. Re3 Be4 39.
Rde2 d5 40. Rd2 d4 41. Re1 Kd6 42. Re3 Kd5 43. Re1 Rc6 44. Red1 a5 45. Rc1 c4
46. Rcd1 d3 47. bxc4+ Rxc4 48. Ke3 Ke5 1/2-1/2

[Event "N4 E.Aubois / Epernay"]
[Site "?"]
[Date "2012.02.05"]
[Round "5"]
[White "Durant, Christophe"]
[Black "Dhieux, Francky"]
[Result "1/2-1/2"]
[WhiteElo "1943"]
[BlackElo "2036"]
[PlyCount "43"]
[EventDate "2012.02.05"]
[SourceDate "2012.02.05"]

1. d4 d5 2. Nf3 Nf6 3. Bf4 Bf5 4. e3 e6 5. Bd3 Bxd3 6. Qxd3 Bd6 7. Qb5+ Nbd7 8.
Bxd6 cxd6 9. Qxb7 Qa5+ 10. b4 Qd8 11. Qa6 Qc7 12. O-O O-O 13. Na3 Ne4 14. c4
dxc4 15. Qxc4 Qb7 16. Qb3 Rab8 17. Rab1 d5 18. Rfc1 Rfc8 19. Rc2 Rxc2 20. Nxc2
Rc8 21. Nce1 Nb6 22. Ra1 1/2-1/2

[Event "N4 E.Aubois / Epernay"]
[Site "?"]
[Date "2012.02.05"]
[Round "5"]
[White "Puech, Armel"]
[Black "Moine, Patrick"]
[Result "1/2-1/2"]
[WhiteElo "1810"]
[BlackElo "1862"]
[PlyCount "84"]
[EventDate "2012.02.05"]
[SourceDate "2012.02.05"]

1. e4 c5 2. Nc3 d6 3. g3 Nc6 4. Bg2 Nf6 5. d3 e5 6. Nge2 Bg4 7. Bg5 Be7 8. Qd2
h6 9. Be3 Nd4 10. Bxd4 cxd4 11. Nd1 Nh7 12. f3 Be6 13. O-O O-O 14. Qb4 Rb8 15.
f4 d5 16. Qd2 exf4 17. Nxf4 Bg5 18. Nxe6 fxe6 19. Rxf8+ Qxf8 20. Qf2 Qc5 21. c3
Be3 22. Nxe3 dxe3 23. Qe2 d4 24. cxd4 Qxd4 25. Re1 Rc8 26. Qxe3 Qxb2 27. Qxa7
Rc1 28. Rf1 Rxf1+ 29. Bxf1 Ng5 30. Qf2 Qc1 31. Kg2 Nh7 32. d4 Nf6 33. Bd3 Ng4
34. Qe2 Nf6 35. Bc4 Kf7 36. e5 Nd5 37. Qf3+ Ke7 38. Bxd5 exd5 39. Qxd5 Qc2+ 40.
Kf1 Qd1+ 41. Kf2 Qd2+ 42. Kf3 Qd3+ 1/2-1/2

[Event "N4 E.Aubois / Epernay"]
[Site "?"]
[Date "2012.02.05"]
[Round "5"]
[White "Guyot, Philippe"]
[Black "Defrance, Laurent"]
[Result "0-1"]
[WhiteElo "1981"]
[BlackElo "2121"]
[PlyCount "50"]
[EventDate "2012.02.05"]
[SourceDate "2012.02.05"]

1. d4 g6 2. e4 Bg7 3. Nf3 d6 4. Nc3 a6 5. Be3 Nd7 6. Qd2 e6 7. h4 h6 8. Bd3 Ne7
9. O-O-O b5 10. Ne2 Bb7 11. Ng3 Nf6 12. h5 g5 13. Nxg5 hxg5 14. Bxg5 Nh7 15.
Be3 Nc6 16. e5 dxe5 17. h6 Bf6 18. Bxh7 Rxh7 19. Qd3 Rh8 20. Nh5 exd4 21. Ng7+
Kf8 22. Qe4 Qd5 23. Qg4 Qxa2 24. Bg5 Ne5 25. Qg3 Nc4 0-1

[Event "N4 E.Aubois / Epernay"]
[Site "?"]
[Date "2012.02.05"]
[Round "5"]
[White "Robert, Guillaume"]
[Black "Prost, Catherine"]
[Result "1-0"]
[WhiteElo "1510"]
[BlackElo "1290"]
[PlyCount "113"]
[EventDate "2012.02.05"]
[SourceDate "2012.02.05"]

1. d4 d5 2. Nf3 e6 3. e3 c6 4. c4 Nf6 5. Qc2 Nbd7 6. c5 Be7 7. Nc3 O-O 8. b4 a6
9. a4 b6 10. Bd3 h6 11. O-O Bb7 12. Ra2 Qc7 13. Re1 Rfe8 14. e4 Kh8 15. e5 Ng8
16. Bf4 bxc5 17. bxc5 a5 18. Rb2 Reb8 19. Qd2 Ba6 20. Bxa6 Rxa6 21. Rxb8 Nxb8
22. h3 Nd7 23. Nh2 Qd8 24. Ng4 Bg5 25. Rb1 Ra7 26. Ne2 Bxf4 27. Qxf4 Nf8 28.
Rb6 Ng6 29. Qd2 Qc8 30. Nc1 N8e7 31. Nb3 Qa8 32. Nc1 Rb7 33. Qb2 Rxb6 34. Qxb6
Nf5 35. Nb3 Kh7 36. Ne3 Nxe3 37. fxe3 f6 38. Nxa5 fxe5 39. dxe5 Ne7 40. g4 Ng6
41. Qc7 Nxe5 42. Qxe5 Qxa5 43. Qxe6 Qxa4 44. Qf5+ Kg8 45. Qd3 Qa1+ 46. Kf2 Qa2+
47. Kg3 Qa7 48. Qd4 Qc7+ 49. Kf3 Qf7+ 50. Qf4 Qb7 51. h4 Qb1 52. g5 Qf1+ 53.
Kg4 Qd1+ 54. Kf5 Qc2+ 55. Ke6 Qxc5 56. Qf7+ Kh7 57. g6+ 1-0

[Event "N4 E.Aubois / Epernay"]
[Site "?"]
[Date "2012.02.05"]
[Round "5"]
[White "Leroy, Patrick"]
[Black "Ferrand, Christophe"]
[Result "0-1"]
[WhiteElo "1840"]
[BlackElo "1870"]
[PlyCount "56"]
[EventDate "2012.02.05"]
[SourceDate "2012.02.05"]

1. e4 e6 2. d4 d5 3. e5 c5 4. c3 Nc6 5. Nf3 cxd4 6. cxd4 Nge7 7. a3 Nf5 8. b4
Be7 9. g4 Nh4 10. Nbd2 Nxf3+ 11. Nxf3 O-O 12. Bd3 f6 13. Qc2 fxe5 14. Bxh7+ Kh8
15. Nxe5 Nxe5 16. dxe5 Bd7 17. Qd3 a6 18. Qh3 Bh4 19. Bf5 Kg8 20. g5 Rxf5 21.
Qxh4 Rxe5+ 22. Kf1 Qe8 23. f4 Re4 24. Ra2 Rc8 25. Kf2 Qg6 26. Re1 Rxe1 27. Kxe1
Rxc1+ 28. Kd2 Qb1 0-1

[Event "N4 E.Aubois / Epernay"]
[Site "?"]
[Date "2012.02.05"]
[Round "5"]
[White "Hascher, Nicolas"]
[Black "Tatard, Marie"]
[Result "1-0"]
[WhiteElo "1948"]
[BlackElo "1871"]
[PlyCount "49"]
[EventDate "2012.02.05"]
[SourceDate "2012.02.05"]

1. d4 Nf6 2. Nf3 g6 3. c4 Bg7 4. Nc3 O-O 5. e4 d6 6. Be2 e5 7. dxe5 dxe5 8.
Qxd8 Rxd8 9. Bg5 c6 10. Nxe5 Re8 11. f4 Nxe4 12. Nxe4 Bxe5 13. fxe5 Rxe5 14.
Rd1 Nd7 15. Nf6+ Kg7 16. Nxd7 Rxg5 17. O-O b6 18. c5 b5 19. Rd6 h5 20. Rdf6
Bxd7 21. Rxf7+ Kg8 22. Rxd7 Re8 23. h4 Rxc5 24. Bd1 a5 25. Bb3+ 1-0

[Event "N4 E.Aubois / Epernay"]
[Site "?"]
[Date "2012.02.05"]
[Round "5"]
[White "Roussel, Jean-Marc"]
[Black "Gaubert, Virginie"]
[Result "0-1"]
[WhiteElo "1612"]
[BlackElo "1714"]
[PlyCount "60"]
[EventDate "2012.02.05"]
[SourceDate "2012.02.05"]

1. d4 Nf6 2. c4 c5 3. Nf3 e6 4. Nc3 Be7 5. g3 O-O 6. Bg2 Nc6 7. O-O d5 8. cxd5
exd5 9. dxc5 Bxc5 10. Bg5 Be6 11. a3 Rc8 12. Rc1 Be7 13. Nd4 Qb6 14. Nxe6 fxe6
15. Qd2 Ng4 16. Na4 Bxg5 17. Nxb6 Bxd2 18. Nxc8 Bxc1 19. Rxc1 Rxc8 20. h3 Nge5
21. e4 d4 22. f4 Nd7 23. e5 g6 24. b4 Nb6 25. Rd1 Rd8 26. Rd3 Na4 27. b5 Na5
28. Kf1 Nb2 29. Rd2 Nac4 30. Rc2 Ne3+ 0-1

[Event "N4 E.Aubois / Epernay"]
[Site "?"]
[Date "2012.02.05"]
[Round "5"]
[White "Brun, Franck"]
[Black "Crepaux, Jean-Marie"]
[Result "0-1"]
[WhiteElo "1826"]
[BlackElo "1860"]
[PlyCount "80"]
[EventDate "2012.02.05"]
[SourceDate "2012.02.05"]

1. e4 e5 2. Nf3 Nc6 3. d4 exd4 4. Nxd4 Bc5 5. Nxc6 Qf6 6. Qd2 dxc6 7. Bd3 Ne7
8. O-O O-O 9. Qg5 Qxg5 10. Bxg5 f6 11. Bc4+ Kh8 12. Bh4 b5 13. Bb3 Bb7 14. Nd2
Rac8 15. Nf3 Bb6 16. e5 c5 17. exf6 gxf6 18. c3 Nf5 19. Bg3 Nxg3 20. hxg3 c4
21. Bc2 Rfd8 22. Rad1 a5 23. Rxd8+ Rxd8 24. Re1 Bxf3 25. gxf3 Rd2 26. Re8+ Kg7
27. Be4 Rxf2 28. Kh1 Rxb2 29. Re7+ Kf8 30. Rxh7 b4 31. cxb4 axb4 32. Rh8+ Ke7
33. Rh2 Bf2 34. Bd5 c3 35. Rh4 Bxg3 36. Rc4 Kd6 37. Be4 c5 38. Bh7 Rxa2 39. Bg8
Rb2 40. f4 c2 0-1

[Event "N4 E.Aubois / La tour du roi"]
[Site "?"]
[Date "2012.02.05"]
[Round "5"]
[White "Mondeel, Paul"]
[Black "Delias, Gerard"]
[Result "1-0"]
[WhiteElo "1523"]
[BlackElo "1633"]
[PlyCount "77"]
[EventDate "2012.02.05"]
[SourceDate "2012.02.05"]

1. e4 c5 2. Nc3 e6 3. f4 d6 4. Nf3 a6 5. Be2 Nc6 6. O-O Nf6 7. d3 Be7 8. h3 O-O
9. Be3 Qc7 10. Qe1 b5 11. Nh2 Bb7 12. Bf3 Rad8 13. a3 d5 14. Nd1 dxe4 15. dxe4
Nd4 16. Bxd4 cxd4 17. e5 Bxf3 18. Rxf3 Nd5 19. Rc1 Bc5 20. Kh1 Rd7 21. Nf2 Ne3
22. Nd3 Be7 23. c3 Qb6 24. cxd4 Qxd4 25. Rxe3 Rfd8 26. Nf3 Qa4 27. Qe2 a5 28.
Re4 Qb3 29. Nde1 b4 30. axb4 Bxb4 31. Rec4 g6 32. Rc8 Kg7 33. Rxd8 Rxd8 34. Rc7
h6 35. Qc4 Qe3 36. Qc1 Qe2 37. Rc2 Qe4 38. Rc4 Qf5 39. g4 1-0

[Event "N4 E.Aubois / La tour du roi"]
[Site "?"]
[Date "2012.02.05"]
[Round "5"]
[White "Halfaoui, Edine"]
[Black "gueruin, Patrick"]
[Result "1-0"]
[WhiteElo "1866"]
[BlackElo "1680"]
[PlyCount "71"]
[EventDate "2012.02.05"]
[SourceDate "2012.02.05"]

1. e4 d5 2. exd5 Qxd5 3. Nc3 Qa5 4. d4 Bf5 5. Bd2 c6 6. Nf3 Nd7 7. Bc4 Qc7 8.
O-O Ngf6 9. Re1 Nb6 10. Bb3 e6 11. Ne5 Bd6 12. Bf4 O-O 13. Bg3 Rad8 14. Qf3
Nbd5 15. Nxd5 Nxd5 16. c3 b5 17. Qe2 a6 18. Rac1 Qb6 19. h3 Nf6 20. Bh4 Be7 21.
Bc2 Bxc2 22. Rxc2 Qb7 23. Bxf6 Bxf6 24. Qg4 Bxe5 25. Rxe5 Qe7 26. Rce2 Qf6 27.
a3 Qh6 28. f4 g6 29. h4 Rde8 30. g3 f5 31. Qf3 Rf6 32. d5 cxd5 33. Rxd5 Qf8 34.
Rd7 Rf7 35. Rxf7 Qxf7 36. Qc6 1-0

[Event "N4 E.Aubois / La tour du roi"]
[Site "?"]
[Date "2012.02.05"]
[Round "5"]
[White "Tassetti, Florent"]
[Black "Lassalle, Arnaud"]
[Result "0-1"]
[WhiteElo "1709"]
[BlackElo "2069"]
[Annotator ",Acer"]
[PlyCount "76"]
[EventDate "2012.02.05"]
[SourceDate "2012.02.05"]

1. Nf3 Nf6 2. c4 c5 3. Nc3 g6 4. g3 Bg7 5. Bg2 Nc6 6. d3 O-O 7. O-O d6 8. Rb1
Bd7 9. a3 Ne8 10. e4 Nc7 11. Qe1 a5 12. b3 f5 13. Nd5 e6 14. Nb6 Ra6 15. Nxd7
Qxd7 16. Bb2 f4 17. Bh3 Bxb2 18. Rxb2 Qg7 19. Qd2 g5 20. Kh1 Kh8 21. Rg1 g4 22.
gxf4 h5 23. Nh4 Qf6 24. f5 Ne5 25. Ng6+ Nxg6 26. Qh6+ Kg8 27. Bxg4 hxg4 28.
Rxg4 Kf7 29. Rxg6 Qh8 30. fxe6+ Ke8 31. Qxh8 Rxh8 32. f4 Rh3 33. Rg8+ Ke7 34.
Rg7+ Kd8 35. Rg8+ Ne8 36. Rbg2 Ke7 37. f5 a4 38. bxa4 Rxa4 {Tombé} 0-1

[Event "N4 E.Aubois / La tour du roi"]
[Site "?"]
[Date "2012.02.05"]
[Round "5"]
[White "Valentin, Benoit"]
[Black "Hurreau, Jean-François"]
[Result "1-0"]
[WhiteElo "1499"]
[BlackElo "1573"]
[PlyCount "80"]
[EventDate "2012.02.05"]
[SourceDate "2012.02.05"]

1. d4 Nf6 2. Nf3 g6 3. Bg5 Bg7 4. Nbd2 d6 5. e4 h6 6. Bh4 O-O 7. Bd3 Re8 8. O-O
Nh5 9. e5 g5 10. Nxg5 Nf4 11. Bh7+ Kf8 12. Ngf3 d5 13. Bg3 Nh5 14. Nh4 Nxg3 15.
Ng6+ fxg6 16. fxg3+ Bf6 17. exf6 exf6 18. Bxg6 Re6 19. Qh5 Qe7 20. Qxh6+ Qg7
21. Qh5 Bd7 22. Nf3 Ke7 23. Nh4 Re3 24. Qxd5 c6 25. Qc5+ Kd8 26. Rae1 Qh6 27.
d5 Rxe1 28. Rxe1 Na6 29. Qa5+ Nc7 30. d6 b6 31. dxc7+ Kxc7 32. Qb4 a5 33. Qe7
Qd2 34. Nf3 Qb4 35. Bf5 Qxe7 36. Rxe7 Rd8 37. Rxd7+ Rxd7 38. Bxd7 Kxd7 39. Kf2
Ke6 40. Ke3 Kd5 1-0

[Event "N4 E.Aubois / La tour du roi"]
[Site "?"]
[Date "2012.02.05"]
[Round "5"]
[White "Guerin, Antonin"]
[Black "Louis, Andre"]
[Result "0-1"]
[WhiteElo "1740"]
[BlackElo "1764"]
[PlyCount "78"]
[EventDate "2012.02.05"]
[SourceDate "2012.02.05"]

1. d4 Nf6 2. Nf3 e6 3. c4 c5 4. Nc3 cxd4 5. Nxd4 Nc6 6. Bg5 Bc5 7. e3 O-O 8.
Be2 Qb6 9. Nb3 Be7 10. O-O h6 11. Bh4 Rd8 12. Qc2 Nb4 13. Qc1 d5 14. Bxf6 Bxf6
15. c5 Qc7 16. Nb5 Qe7 17. Qd2 Nc6 18. Rfd1 Be5 19. h3 a6 20. N5d4 Bb8 21. f4
e5 22. fxe5 Nxe5 23. Nf3 Bf5 24. Nbd4 Be4 25. Nxe5 Qxe5 26. Nf3 Qg3 27. Kf1 Bc7
28. Rdc1 Rd7 29. c6 bxc6 30. Rxc6 d4 31. Rc4 dxe3 32. Qxe3 f5 33. Rac1 Bf4 34.
Rc8+ Rd8 35. Rxd8+ Rxd8 36. Qb6 Rb8 37. Qe6+ Kh7 38. Rc8 Rxc8 39. Qxc8 Be3 0-1

[Event "N4 E.Aubois / La tour du roi"]
[Site "?"]
[Date "2012.02.05"]
[Round "5"]
[White "Fauchart, François"]
[Black "Pelade, Thierry"]
[Result "1-0"]
[WhiteElo "1648"]
[BlackElo "1628"]
[PlyCount "159"]
[EventDate "2012.02.05"]
[SourceDate "2012.02.05"]

1. d4 d5 2. Nf3 Nf6 3. Bf4 e6 4. e3 Nc6 5. Bb5 Bd7 6. Nbd2 a6 7. Ba4 b5 8. Bb3
Na5 9. c3 Nxb3 10. Nxb3 Be7 11. h3 Ne4 12. Nbd2 Nd6 13. Ne5 Bc8 14. O-O Bb7 15.
Nb3 f6 16. Qh5+ Kf8 17. Ng6+ Kg8 18. Nxh8 Kxh8 19. Nc5 Bc8 20. Qe2 Nf7 21. b4
e5 22. Bg3 Qf8 23. a4 c6 24. axb5 cxb5 25. Rfd1 exd4 26. exd4 g6 27. Re1 Bxc5
28. dxc5 Ra7 29. Qe8 Kg7 30. Qxf8+ Kxf8 31. Re3 Ng5 32. Rae1 Kf7 33. c6 Ne4 34.
Bb8 Ra8 35. c7 h5 36. f3 Nd6 37. Rd1 Be6 38. Rd4 a5 39. g4 hxg4 40. fxg4 a4 41.
Rd1 a3 42. Re2 g5 43. Ra1 Ke7 44. Rea2 Nc4 45. Re2 Nd6 46. Rd1 Kd7 47. Rde1 Ne4
48. Rc2 f5 49. gxf5 Bxf5 50. Rf1 Ng3 51. Rxf5 Nxf5 52. Ra2 d4 53. cxd4 Kc8 54.
d5 Nd4 55. Rf2 Rxb8 56. cxb8=Q+ Kxb8 57. Ra2 Kc7 58. Rxa3 Kd6 59. Kf2 Kxd5 60.
Rc3 Ne6 61. Ke3 Ke5 62. Rc8 Kd5 63. Kf3 Ke5 64. Kg4 Kd6 65. Ra8 Kd5 66. Kf5
Nd4+ 67. Kxg5 Kc4 68. h4 Nf3+ 69. Kg4 Nxh4 70. Kxh4 Kxb4 71. Kg4 Kb3 72. Kf3 b4
73. Ke3 Kb2 74. Kd2 b3 75. Ra4 Kb1 76. Rh4 Ka2 77. Ra4+ Kb1 78. Kc3 b2 79. Rb4
Ka1 80. Kc2 1-0

[Event "Rethel/Reims"]
[Site "?"]
[Date "2012.02.05"]
[Round "5"]
[White "Vedovotto, Nicolas"]
[Black "Droit, Vincent²²²"]
[Result "1-0"]
[WhiteElo "2086"]
[BlackElo "2039"]
[PlyCount "87"]
[EventDate "2012.02.05"]
[SourceDate "2012.02.07"]

1. Nc3 d5 2. e4 dxe4 3. Nxe4 e5 4. Bc4 Be7 5. Qh5 Nh6 6. Qxe5 O-O 7. d3 Nc6 8.
Qd5 Nb4 9. Qxd8 Rxd8 10. Bb3 Be6 11. Kd1 Bxb3 12. axb3 Ng4 13. Nh3 h6 14. f3
Nf6 15. Nhf2 Nfd5 16. Nc3 f5 17. Re1 Bc5 18. Nxd5 Nxd5 19. Nh3 Re8 20. Rxe8+
Rxe8 21. Nf4 Nf6 22. Ne2 Bb6 23. Bd2 g5 24. Ba5 Nd5 25. Bxb6 axb6 26. Kd2 Re7
27. Re1 c5 28. g3 Kf7 29. c3 Re8 30. Ng1 Ra8 31. Re5 Ne7 32. Nh3 Ra2 33. Kc2
Ra1 34. Nf2 Rf1 35. Re2 Nd5 36. d4 f4 37. Kd3 fxg3 38. hxg3 h5 39. Ke4 Nf6+ 40.
Kf5 h4 41. gxh4 gxh4 42. dxc5 bxc5 43. f4 Rg1 44. Nh3 1-0

[Event "Rethel/Reims"]
[Site "?"]
[Date "2012.02.05"]
[Round "5"]
[White "Samakar, Hassine"]
[Black "Noizet, Donatien"]
[Result "1/2-1/2"]
[WhiteElo "1870"]
[BlackElo "1938"]
[PlyCount "86"]
[EventDate "2012.02.05"]
[SourceDate "2012.02.07"]

1. Nf3 Nc6 2. d4 d5 3. c4 e6 4. Nc3 Nf6 5. Bg5 Be7 6. e3 dxc4 7. Bxc4 Nd5 8.
Bxe7 Ncxe7 9. Qd2 Nxc3 10. Qxc3 Nd5 11. Qd2 Nb6 12. Bd3 Bd7 13. O-O Bc6 14. Ne5
Bd7 15. Rac1 f6 16. Nf3 Bc6 17. e4 O-O 18. Rfd1 f5 19. Ng5 Qf6 20. d5 exd5 21.
exf5 Nc4 22. Bxc4 dxc4 23. Ne6 Rf7 24. Qd8+ Rxd8 25. Rxd8+ Qxd8 26. Nxd8 Rd7
27. Nxc6 bxc6 28. Kf1 Rd2 29. Rxc4 Rxb2 30. Rxc6 Rxa2 31. Rxc7 a5 32. g4 h6 33.
Ra7 a4 34. Kg2 a3 35. h4 Kf8 36. g5 hxg5 37. hxg5 Ra1 38. g6 Ra2 39. Kf3 Ra1
40. Ke2 Ra2+ 41. Ke3 Ra1 42. Rf7+ Kg8 43. Ra7 Kf8 1/2-1/2

[Event "Rethel/Reims"]
[Site "?"]
[Date "2012.02.05"]
[Round "5"]
[White "Djellouli, Hassine"]
[Black "Sohier, Renaud"]
[Result "1-0"]
[WhiteElo "1852"]
[BlackElo "2004"]
[PlyCount "35"]
[EventDate "2012.02.05"]
[SourceDate "2012.02.07"]

1. d4 d5 2. c4 c6 3. Nf3 Nf6 4. Nc3 dxc4 5. a4 Nd5 6. e4 Nxc3 7. bxc3 b5 8. Ne5
e6 9. Qf3 Qc7 10. Bf4 Bd6 11. Nxf7 Bxf4 12. Nxh8 g6 13. e5 Bh6 14. axb5 Bg7 15.
b6 Qb7 16. Qf7+ Qxf7 17. Nxf7 Kxf7 18. Rxa7+ 1-0

[Event "Rethel/Reims"]
[Site "?"]
[Date "2012.02.05"]
[Round "5"]
[White "Biniaux, Mickael"]
[Black "Brajon, Eric"]
[Result "0-1"]
[WhiteElo "1735"]
[BlackElo "1940"]
[PlyCount "78"]
[EventDate "2012.02.05"]
[SourceDate "2012.02.07"]

1. d4 g6 2. e4 d6 3. f4 Bg7 4. Nf3 Nf6 5. Nbd2 c5 6. c3 Qa5 7. e5 Ng4 8. exd6
cxd4 9. Nc4 Qd8 10. Nfe5 Nxe5 11. fxe5 dxc3 12. Qf3 O-O 13. bxc3 exd6 14. Ba3
Re8 15. Bxd6 Nc6 16. Rd1 Qg5 17. h4 Qg4 18. Rd5 Qxf3 19. gxf3 Be6 20. Rb5 Bxc4
21. Bxc4 Nxe5 22. Bxe5 Rxe5+ 23. Kd2 Rxb5 24. Bxb5 Rd8+ 25. Ke2 Bxc3 26. Rc1
Ba5 27. Bc4 Rd2+ 28. Ke3 Rh2 29. Rd1 Rxh4 30. f4 Bb6+ 31. Kf3 Rh3+ 32. Kg4 Rc3
33. Bd5 Kg7 34. f5 h5+ 35. Kf4 Bc7+ 36. Ke4 g5 37. f6+ Kxf6 38. Rf1+ Bf4 39.
Kd4 Rc7 0-1

[Event "Rethel/Reims"]
[Site "?"]
[Date "2012.02.05"]
[Round "5"]
[White "Barnier, Christophe"]
[Black "Motin, Jean-Charles"]
[Result "1-0"]
[WhiteElo "1863"]
[BlackElo "1613"]
[PlyCount "59"]
[EventDate "2012.02.05"]
[SourceDate "2012.02.07"]

1. d4 d5 2. Nf3 Nf6 3. Bf4 Nc6 4. e3 Bg4 5. h3 Bh5 6. c3 e6 7. Nbd2 Ne4 8. g4
Nxd2 9. Qxd2 Bg6 10. Bd3 Bxd3 11. Qxd3 Bd6 12. Bxd6 Qxd6 13. O-O O-O 14. Ng5 f5
15. f4 h6 16. Nf3 Qe7 17. Kh2 Rf7 18. Ne5 Nxe5 19. dxe5 Qh4 20. Rg1 Raf8 21. g5
h5 22. g6 Rd7 23. Qe2 Re8 24. Rg5 c6 25. Rxh5 Qd8 26. Rh7 (26. Rh8+ $3 Kxh8 27.
Qh5+ Kg8 28. Qh7+ Kf8 29. Qh8+ Ke7 30. Qxg7#) 26... Qb6 27. Qh5 Qxb2+ 28. Kg3
Kf8 29. Qh4 Qxa1 30. Rh8# 1-0

[Event "Rethel/Reims"]
[Site "?"]
[Date "2012.02.05"]
[Round "5"]
[White "Robert, Manu"]
[Black "Menissier, Fabien"]
[Result "1/2-1/2"]
[WhiteElo "1630"]
[BlackElo "1683"]
[PlyCount "65"]
[EventDate "2012.02.05"]
[SourceDate "2012.02.07"]

1. e4 c5 2. Nf3 d6 3. d4 cxd4 4. Nxd4 Nf6 5. Nc3 a6 6. Bg5 Nbd7 7. f4 Qc7 8. g4
Nc5 9. Bxf6 gxf6 10. b4 Ne6 11. Nd5 Qd8 12. f5 Nxd4 13. Qxd4 b5 14. c4 bxc4 15.
Bxc4 Bh6 16. a4 Bb7 17. Kf2 Bxd5 18. exd5 O-O 19. h4 Re8 20. g5 fxg5 21. hxg5
Bg7 22. Qh4 Qb6+ 23. Kf3 Qxb4 24. Rae1 Kf8 25. g6 hxg6 26. fxg6 Qc3+ 27. Re3
Qf6+ 28. Qxf6 Bxf6 29. gxf7 Kxf7 30. Rh7+ Kg6 31. Bd3+ Kg5 32. Kg2 Kf4 33. Rf3+
1/2-1/2

[Event "Rethel/Reims"]
[Site "?"]
[Date "2012.02.05"]
[Round "5"]
[White "Brajon, Victoria"]
[Black "Beltrame, Aniko"]
[Result "1-0"]
[WhiteElo "1447"]
[BlackElo "1499"]
[PlyCount "71"]
[EventDate "2012.02.05"]
[SourceDate "2012.02.07"]

1. e4 Nf6 2. e5 Nc6 3. exf6 exf6 4. Qe2+ Be7 5. Nc3 O-O 6. Qg4 d5 7. Qd1 d4 8.
Nce2 b5 9. d3 b4 10. g3 Qd5 11. f3 a5 12. Nf4 Qd6 13. Bg2 Qe5+ 14. Nge2 a4 15.
O-O Rb8 16. Kh1 a3 17. Re1 Rb5 18. Nc3 bxc3 19. Rxe5 fxe5 20. bxc3 exf4 21.
Bxf4 Rb7 22. cxd4 Nxd4 23. Be5 Nc6 24. Bc3 Bd7 25. f4 Nd8 26. Bxb7 Nxb7 27. Rb1
Nd6 28. Bb4 Bc6+ 29. Kg1 Bb7 30. Bxd6 cxd6 31. Rxb7 Bd8 32. Rb8 Bc7 33. Rxf8+
Kxf8 34. Qg4 Kg8 35. Qc8+ Bd8 36. Qxd8# 1-0